LEADER 01931nas 2200517-a 450 001 9910133765703321 005 20230321211720.0 035 $a(CKB)110978977285200 035 $a(CONSER)---72621004- 035 $a(EXLCZ)99110978977285200 100 $a20760920b19681990 -a- a 101 0 $aeng 181 $ctxt$2rdacontent 182 $cc$2rdamedia 183 $acr$2rdacarrier 200 00$aBusiness conditions digest $eBCD$b[electronic resource] 210 $aWashington, D.C. $cU.S. Dept. of Commerce, Bureau of the Census$d1968-1990 215 $a1 online resource 300 $aTitle from cover. 300 $a"Series ES1", 1968-1977. 300 $aIssues for 1972-1975 were classed (Supt. of Docs.) C 56.111:(date) during the time the Bureau was subordinate to the Social and Economic Statistics Administration. 311 08$aPrint version: Business conditions digest : 0146-7735 (DLC) 72621004 (OCoLC)2452279 517 3 $aBCD 531 0 $aBus. cond. dig. 606 $aEconomic history$2fast$3(OCoLC)fst00901974 606 $aBUSINESS$2unbist 606 $aECONOMIC STATISTICS$2unbist 606 $aUNITED STATES$2unbist 607 $aUnited States$xEconomic conditions$y1945-$vPeriodicals 607 $aUnited States$2fast 607 $aUnited States$xEconomic conditions$y1945-$vPeriodicals$2nli 607 $aESTADOS UNIDOS$xCONDICIONES ECONOMICAS$y1961-$xPUBLICACIONES PERIODICAS$2renib 608 $aPeriodicals.$2fast 608 $aPeriodicals.$2lcgft 615 7$aEconomic history. 615 7$aBUSINESS. 615 7$aECONOMIC STATISTICS. 615 7$aUNITED STATES. 676 $a330.9/73/092 712 02$aUnited States.$bBureau of the Census. 712 02$aUnited States.$bBureau of Economic Analysis. 906 $aJOURNAL 912 $a9910133765703321 920 $aexl_impl conversion 996 $aBusiness Conditions Digest$91325138 997 $aUNINA